Rius i pobles de Catalunya - Statistics

General Stats
  • This quiz has been taken 137 times
  • The average score is 11 of 20
Answer Stats
Hint Answer % Correct
el Besòs Santa Coloma de Gramenet
81%
l'Anoia Igualada
80%
l'Ebre Tortosa
78%
la Noguera Ribagorçana el Pont de Suert
71%
la Sénia Alcanar
68%
la Garona Vielha
67%
el Segre Balaguer
64%
la Tordera Sant Celoni
61%
la Noguera Pallaresa Sort
56%
el Gaià Altafulla
51%
la Muga Castelló d'Empúries
51%
el Ripoll Ripollet
47%
el Cardener Manresa
46%
el Foix Cubelles
44%
el Francolí Montblanc
43%
el Llobregat Sallent
41%
el Congost Granollers
34%
el Ter Ripoll
33%
el Fluvià Olot
30%
el Mèder Vic
18%
No matching quizzes found
Score Distribution
Percent of People with Each Score
Percentile by Number Answered
Your Score History
You have not taken this quiz